| 000 | 01017nam0a2200289 4500 | ||
|---|---|---|---|
| 001 | RU\NLR\BIBL_A\010972750 | ||
| 005 | 20250624204517.0 | ||
| 010 |
_a978-5-7696-4560-0 _94000 |
||
| 021 |
_aRU _b2015-101149 _96296 |
||
| 035 | _a(NLR Aleph) 010972750 | ||
| 090 |
_a10831534 _c10831534 |
||
| 100 | _a20160206d2015 |||y0rusy50 ca | ||
| 101 | 0 | _asah | |
| 102 | _aRU | ||
| 105 | _aa z 000 y | ||
| 200 | 1 |
_aАҕа _eсэһээннэр, кэпсээннэр, хоһооннор _fСэмэн Маайыһап |
|
| 210 |
_aДьокуусай _cБичик _d2015 |
||
| 215 |
_a223 с. _cил. _d21 |
||
| 225 | 1 | _aБилиҥҥи кэм прозата | |
| 300 | _aВ вып.дан. авт.: Маисов Семён Семёнович | ||
| 541 | 1 |
_aОтец _eповести, рассказы, стихи _zrus |
|
| 686 | 1 | _aШ6(2=Я)7 я44 | |
| 700 | 1 |
_aМаисов _bС. С. _gСемён Семёнович _4070 |
|
| 852 |
_aNLR _bОНЛ _jЯкут./3-3017 |
||
| 942 | _cBOOK | ||
| 980 | _aNB | ||